Chemical engineering kinetics (Record no. 6589)

000 -LEADER
fixed length control field 00510nam a2200193 4500
001 - CONTROL NUMBER
control field 6589
003 - CONTROL NUMBER IDENTIFIER
control field BD-DhUET
008 - FIXED-LENGTH DATA ELEMENTS--GENERAL INFORMATION
fixed length control field 700825s1970 nyua b 001 0 eng
040 ## - CATALOGING SOURCE
Transcribing agency 0
Modifying agency BD-DhUET
Original cataloging agency DLC
082 00 - DEWEY DECIMAL CLASSIFICATION NUMBER
Classification number 541.39
Item number SMI/1970
100 ## - MAIN ENTRY--PERSONAL NAME
Personal name Smith, J. M.
245 10 - TITLE STATEMENT
Title Chemical engineering kinetics
250 ## - EDITION STATEMENT
Edition statement 2nd ed.
260 ## - PUBLICATION, DISTRIBUTION, ETC. (IMPRINT)
Place of publication, distribution, etc. New York
Name of publisher, distributor, etc. McGraw-Hill
Date of publication, distribution, etc. 1970
300 ## - PHYSICAL DESCRIPTION
Extent xviii, 612p.
Other physical details ill.
490 0# - SERIES STATEMENT
Series statement McGraw-Hill chemical engineering series
650 #0 - SUBJECT ADDED ENTRY--TOPICAL TERM
Topical term or geographic name as entry element Kinetics : Physical chemistry
942 ## - ADDED ENTRY ELEMENTS (KOHA)
Koha item type General Book
Holdings
Source of classification or shelving scheme Lost status Price effective from Koha item type Location (home branch) Shelving location Withdrawn status Copy number Koha full call number Koha normalized classification for sorting Damaged status Koha date last seen Piece designation (barcode) Date acquired Not for loan Sublocation or collection (holding branch)
  2014-12-04General BookCentral Library, BUETCirculation section 1541.39/SMI/1970541_390000000000000_SMI_1970 2014-12-04845762014-12-04 Central Library, BUET
  2014-12-12General BookCentral Library, BUETCirculation section 2541.39/SMI/1970541_390000000000000_SMI_1970 2014-12-12298652014-12-12 Central Library, BUET
  2014-12-12General BookCentral Library, BUETCirculation section 3541.39/SMI/1970541_390000000000000_SMI_1970 2014-12-12298672014-12-12 Central Library, BUET
  2014-12-12General BookCentral Library, BUETCirculation section 4541.39/SMI/1970541_390000000000000_SMI_1970 2014-12-12298632014-12-12 Central Library, BUET
  2015-03-11General BookCentral Library, BUETCirculation section 5541.39/SMI/1970541_390000000000000_SMI_1970 2015-03-11298712015-03-11 Central Library, BUET
  2015-03-14General BookCentral Library, BUETCirculation section 6541.39/SMI/1970541_390000000000000_SMI_1970 2015-03-14298682015-03-14 Central Library, BUET
  2015-03-14General BookCentral Library, BUETCirculation section 7541.39/SMI/1970541_390000000000000_SMI_1970 2015-03-14370452015-03-14 Central Library, BUET
  2015-04-23General BookCentral Library, BUETCirculation section 8541.39/SMI/1970541_390000000000000_SMI_1970 2015-04-23298692015-04-23 Central Library, BUET
  2015-04-23General BookCentral Library, BUETCirculation section 9541.39/SMI/1970541_390000000000000_SMI_1970 2015-04-23298592015-04-23 Central Library, BUET
  2015-04-26General BookCentral Library, BUETCirculation section 10541.39/SMI/1970541_390000000000000_SMI_1970 2015-04-26298702015-04-26 Central Library, BUET
  2015-04-26General BookCentral Library, BUETCirculation section 11541.39/SMI/1970541_390000000000000_SMI_1970 2015-04-26298612015-04-26 Central Library, BUET
  2015-04-27General BookCentral Library, BUETCirculation section 12541.39/SMI/1970541_390000000000000_SMI_1970 2015-04-27259672015-04-27 Central Library, BUET
  2015-04-27General BookCentral Library, BUETCirculation section 13541.39/SMI/1970541_390000000000000_SMI_1970 2015-04-27298602015-04-27 Central Library, BUET
  2015-06-08Reading ItemCentral Library, BUETReading section 14541.39/SMI/1970541_390000000000000_SMI_1970 2015-06-08298622015-06-08 Central Library, BUET
  2015-06-08Reading ItemCentral Library, BUETReading section 15541.39/SMI/1970541_390000000000000_SMI_1970 2015-06-08298662015-06-08 Central Library, BUET
  2015-06-08Reading ItemCentral Library, BUETReading section 16541.39/SMI/1970541_390000000000000_SMI_1970 2015-06-08298722015-06-08 Central Library, BUET
  2015-06-08Reading ItemCentral Library, BUETReading section 17541.39/SMI/1970541_390000000000000_SMI_1970 2015-06-08298642015-06-08 Central Library, BUET